<?xml version="1.0" encoding="UTF-8"?>
<record
    xmlns:xsi="http://www.w3.org/2001/XMLSchema-instance"
    xsi:schemaLocation="http://www.loc.gov/MARC21/slim http://www.loc.gov/standards/marcxml/schema/MARC21slim.xsd"
    xmlns="http://www.loc.gov/MARC21/slim">

  <leader>00867nam a2200193   4500</leader>
  <controlfield tag="005">20241204121128.0</controlfield>
  <datafield tag="010" ind1=" " ind2=" ">
    <subfield code="a">B-761368</subfield>
  </datafield>
  <datafield tag="020" ind1=" " ind2=" ">
    <subfield code="a">9788195551965</subfield>
    <subfield code="c">299.00</subfield>
  </datafield>
  <datafield tag="035" ind1=" " ind2=" ">
    <subfield code="a">B-761368</subfield>
  </datafield>
  <datafield tag="037" ind1=" " ind2=" ">
    <subfield code="b">&#x909;&#x92A;&#x939;&#x93E;&#x930; </subfield>
  </datafield>
  <datafield tag="082" ind1=" " ind2=" ">
    <subfield code="a">&#x915;</subfield>
  </datafield>
  <datafield tag="100" ind1=" " ind2=" ">
    <subfield code="a">&#x924;&#x942;&#x932;&#x93F;&#x915;&#x93E; &#x938;&#x93F;&#x902;&#x939;</subfield>
    <subfield code="9">74665</subfield>
  </datafield>
  <datafield tag="245" ind1=" " ind2=" ">
    <subfield code="a">&#x938;&#x93E;&#x915;&#x94D;&#x937;&#x940; &#x917;&#x94B;&#x92A;&#x93E;&#x932; /</subfield>
    <subfield code="c">&#x924;&#x942;&#x932;&#x93F;&#x915;&#x93E; &#x938;&#x93F;&#x902;&#x939;</subfield>
  </datafield>
  <datafield tag="260" ind1=" " ind2=" ">
    <subfield code="a">&#x928;&#x908; &#x926;&#x93F;&#x932;&#x94D;&#x932;&#x940;</subfield>
    <subfield code="b">&#x921;&#x947;&#x932;&#x94D;&#x91F;&#x93E; &#x92C;&#x941;&#x915; &#x935;&#x930;&#x94D;&#x921;</subfield>
    <subfield code="c">2023</subfield>
  </datafield>
  <datafield tag="270" ind1=" " ind2=" ">
    <subfield code="a">&#x91C;&#x940;-4,&#x92A;&#x94D;&#x930;&#x939;&#x932;&#x94D;&#x921; &#x939;&#x93E;&#x909;&#x938;, 4832/24, &#x905;&#x902;&#x938;&#x93E;&#x930;&#x940; &#x930;&#x94B;&#x921;&#x93C;,</subfield>
    <subfield code="b">&#x928;&#x908; &#x926;&#x93F;&#x932;&#x94D;&#x932;&#x940;</subfield>
    <subfield code="e">110002</subfield>
  </datafield>
  <datafield tag="300" ind1=" " ind2=" ">
    <subfield code="a">40&#x92A;&#x943;.</subfield>
    <subfield code="b">&#x938;&#x91A;&#x93F;&#x924;&#x94D;&#x930;(&#x930;&#x902;&#x917;&#x940;&#x928; &#x91A;&#x93F;&#x924;&#x94D;&#x930;)</subfield>
    <subfield code="c">22&#x938;&#x947;&#x92E;&#x940;(&#x905;&#x91C;&#x93F;&#x932;&#x94D;&#x926;)</subfield>
  </datafield>
  <datafield tag="942" ind1=" " ind2=" ">
    <subfield code="2">ddc</subfield>
    <subfield code="c">CH</subfield>
    <subfield code="h">&#x915;</subfield>
    <subfield code="m">&#x924;&#x942;&#x932;&#x93F;&#x915;&#x93E;</subfield>
  </datafield>
  <datafield tag="999" ind1=" " ind2=" ">
    <subfield code="c">207399</subfield>
    <subfield code="d">207399</subfield>
  </datafield>
  <datafield tag="952" ind1=" " ind2=" ">
    <subfield code="0">0</subfield>
    <subfield code="1">0</subfield>
    <subfield code="4">0</subfield>
    <subfield code="7">0</subfield>
    <subfield code="8">FIC</subfield>
    <subfield code="a">L</subfield>
    <subfield code="b">L</subfield>
    <subfield code="d">2024-12-04</subfield>
    <subfield code="e">&#x909;&#x92A;&#x939;&#x93E;&#x930; /28/11/2024</subfield>
    <subfield code="g">299.00</subfield>
    <subfield code="l">0</subfield>
    <subfield code="o">&#x915; &#x924;&#x942;&#x932;&#x93F;&#x915;&#x93E;</subfield>
    <subfield code="p">B-761368</subfield>
    <subfield code="r">2024-12-04 00:00:00</subfield>
    <subfield code="t">1</subfield>
    <subfield code="v">299.00</subfield>
    <subfield code="w">2024-12-04</subfield>
    <subfield code="y">CH</subfield>
    <subfield code="z">&#x909;&#x92A;&#x939;&#x93E;&#x930;</subfield>
  </datafield>
</record>
